000 00798cam a22002533a 4500
001 18966
003 PGUSA
005 20140828083413.0
008 060802s2006||||xxu|||||s|||||000 1 eng d
040 _aPGUSA
_beng
042 _adc
050 4 _aPQ
100 1 _aLaboulaye, Édouard,
_d1811-1883
245 1 0 _aAbdallah eli nelilehtinen apila :
_bArabialainen kertomus
_h[electronic resource] /
_cÉdouard Laboulaye
260 _bProject Gutenberg,
_c2006
500 _aTranslation of: Abdallah; ou, Le trèfle a quatre feuilles
506 _aPublic domain in the USA.
516 _aElectronic text
653 _aArabian Peninsula -- Fiction
700 1 _aMellin, Robert,
_d1826-1880
830 0 _aProject Gutenberg
_v18966
856 4 0 _uhttp://www.gutenberg.org/ebooks/18966
942 _cEB
999 _c248221
_d248221